[Event "Wch U20"]
[Site "Halle"]
[Date "1995.??.??"]
[Round "10"]
[White "Krstevski, Sasko"]
[Black "Amarasinghe, R."]
[Result "1-0"]
[WhiteElo "2220"]
[BlackElo "2205"]

1.c4 e5 2.g3 Nc6 3.Bg2 g6 4.Nc3 Bg7 5.Nf3 d6 6.d3 Nf6 7.O-O O-O 8.Rb1 a5
9.a3 h6 10.b4 axb4 11.axb4 Be6 12.Nd2 Rb8 13.b5 Ne7 14.Ba3 b6 15.Bb2 Qd7
16.Re1 Nh5 17.Ra1 Bh3 18.Bh1 f5 19.Ra7 f4 20.Nde4 Kh8 21.Qc2 Rbc8 22.Rea1 fxg3
23.hxg3 Qg4 24.f3 Qe6 25.Kh2 Bf5 26.Nf2 g5 27.Bg2 g4 28.e4 gxf3 29.exf5 Nxf5
30.Bh3 Nhxg3 31.Nfe4 Qe7 32.Qf2 Ne2 33.Nxe2 fxe2 34.Qxe2 Qh4 35.Qg4 Qe7 36.Rg1 Rfe8
37.Raa1 Nh4 38.Raf1 Rg8 39.Qh5 Ra8 40.Bc1 Ra2+ 41.Kh1  1-0

[Event "Wichern op"]
[Site "Hamburg"]
[Date "1995.??.??"]
[Round "1"]
[White "Sher, Miron N"]
[Black "Buhr, Carl Christian"]
[Result "1-0"]
[WhiteElo "2510"]
[BlackElo "2240"]

1.c4 e5 2.g3 Nc6 3.Bg2 g6 4.Nc3 Bg7 5.Rb1 Nf6 6.b4 O-O 7.d3 Nh5 8.b5 Nd4
9.e3 Ne6 10.Nge2 f5 11.f4 exf4 12.exf4 Re8 13.O-O Nd4 14.Bb2 c6 15.Kh1 Nxe2
16.Nxe2 Qc7 17.Nd4 Nf6 18.Re1 Rf8 19.Re7 Qd6 20.Qe2 Rf7 21.Rxf7 Kxf7 22.a4 a6
23.bxc6 dxc6 24.Nf3 Kg8 25.a5 Qb4 26.Qe1 Qxe1+ 27.Rxe1 Bd7 28.Re7 Rd8 29.Ng5 Re8
30.Rxe8+ Nxe8 31.Bxg7 Kxg7 32.Kg1 h6 33.Nf3 Kf6 34.Kf2 Nc7 35.Ke3 Ne6 36.Ne5 Be8
37.d4 g5 38.d5 gxf4+ 39.gxf4 cxd5 40.cxd5 Nc5 41.Nc4 Bd7 42.Kd4 Nb3+ 43.Kc3 Nc5
44.Bh3 Bb5 45.Nd6 Nd3 46.Bxf5 Nxf4 47.Kd4 Ba4 48.Bc8 Ne2+ 49.Kc5  1-0

[Event "Wichern op"]
[Site "Hamburg"]
[Date "1995.??.??"]
[Round "4"]
[White "Hickl, Joerg"]
[Black "Mueller, Karsten"]
[Result "1/2-1/2"]
[WhiteElo "2570"]
[BlackElo "2480"]

1.c4 e5 2.g3 Nf6 3.Bg2 d5 4.cxd5 Nxd5 5.Nc3 Nb6 6.b3 Be7 7.Bb2 O-O 8.Nf3 Nc6
9.O-O f5 10.d3 Bf6 11.b4 Kh8 12.b5 Nd4 13.Nxd4 exd4 14.Na4 Nd7 15.Ba3 Re8
16.Nc5 Nxc5 17.Bxc5 a6 18.bxa6 Rxa6 19.Bb4 b6 20.Re1  1/2-1/2

[Event "Wichern op"]
[Site "Hamburg"]
[Date "1995.??.??"]
[Round "6"]
[White "Wilhelmi, Christian"]
[Black "Heyken, Enno"]
[Result "1-0"]
[WhiteElo "2315"]
[BlackElo "2340"]

1.c4 e5 2.g3 Nc6 3.Bg2 d6 4.Nc3 Be6 5.d3 Qd7 6.Rb1 Nge7 7.Nd5 Nd8 8.b4 c6
9.Nc3 d5 10.Nf3 f6 11.d4 e4 12.Nd2 h5 13.h4 e3 14.Nb3 exf2+ 15.Kxf2 b6 16.c5 Nf5
17.b5 cxb5 18.e4 dxe4 19.Bxe4 Bxb3 20.Qxb3 Nc6 21.Re1 O-O-O 22.Nxb5 Nfxd4
23.Qa4 Nxb5 24.Qa6+ Kb8 25.Bf4+ Ne5 26.Rxb5  1-0

[Event "Wichern op"]
[Site "Hamburg"]
[Date "1995.??.??"]
[Round "7"]
[White "Stohl, Igor"]
[Black "Cladouras, Panagiotis"]
[Result "1/2-1/2"]
[WhiteElo "2525"]
[BlackElo "2375"]

1.c4 e5 2.g3 Nc6 3.Bg2 Nf6 4.Nc3 Bb4 5.Nd5 Bc5 6.Nf3 d6 7.O-O Nxd5 8.cxd5 Nd4
9.Nxd4 Bxd4 10.e3 Bb6 11.f4 h5 12.f5 Qg5 13.Be4 Bd7 14.Qf3  1/2-1/2

[Event "Wichern op"]
[Site "Hamburg"]
[Date "1995.??.??"]
[Round "7"]
[White "Mednis, Edmar John"]
[Black "Hickl, Joerg"]
[Result "0-1"]
[WhiteElo "2420"]
[BlackElo "2570"]

1.c4 e5 2.g3 d6 3.Bg2 Nf6 4.Nc3 Be7 5.d4 Nbd7 6.Nf3 c6 7.e4 a6 8.O-O O-O
9.Re1 Re8 10.h3 b5 11.d5 cxd5 12.cxd5 Nb6 13.b3 Bd7 14.Bd2 Qc8 15.Kh2 Qb7
16.Rc1 Rec8 17.Nb1 a5 18.Rxc8+ Nxc8 19.Qc2 Bd8 20.Be3 Bb6 21.Nbd2 Na7 22.Nf1 Rc8
23.Qd3 b4 24.N3d2 Rc3 25.Qb1 Bb5 26.Bxb6 Qxb6 27.Ne3 Bd3 28.Qd1 Nb5 29.Ndc4 Bxc4
30.bxc4 Na3 31.Qe2 Qc7 32.Kg1 Nxc4 33.Nd1 Rc1 34.Bf3 Qc5 35.Kg2 g6 36.Rh1 Qd4
37.g4 Qd2  0-1

[Event "Wichern op"]
[Site "Hamburg"]
[Date "1995.??.??"]
[Round "7"]
[White "Teske, Henrik"]
[Black "Ljubarskij, Jurij"]
[Result "1-0"]
[WhiteElo "2500"]
[BlackElo "2335"]

1.c4 e5 2.g3 Nf6 3.Bg2 Be7 4.Nc3 O-O 5.Nf3 d6 6.d4 Nbd7 7.O-O c6 8.b3 Re8
9.Qc2 Bf8 10.e4 a5 11.Bb2 Qc7 12.Rad1 b5 13.c5 dxc5 14.dxe5 Ng4 15.e6 fxe6
16.h3 Nge5 17.Nxe5 Nxe5 18.f4 Nd7 19.e5 Nb6 20.Be4 h6 21.Qe2 Nd5 22.Qh5 Rd8
23.Qg6 Ne3 24.Qh7+ Kf7 25.Bg6+ Ke7 26.Qg8  1-0

[Event "HUN-chT1"]
[Site "HUN"]
[Date "1995.??.??"]
[Round "?"]
[White "Czuczai, Jeno"]
[Black "Anka, Emil"]
[Result "0-1"]
[WhiteElo "2255"]
[BlackElo "2410"]

1.g3 e5 2.c4 d6 3.Bg2 f5 4.d4 Nf6 5.Nc3 Be7 6.dxe5 dxe5 7.Qxd8+ Bxd8 8.b3 e4
9.Nh3 c6 10.Ba3 Na6 11.f3 Ba5 12.Rc1 exf3 13.Bxf3 Be6 14.Nf4 Bf7 15.Nd3 Ne4
16.b4 Nxc3 17.Rxc3 Bb6 18.Rc2 O-O-O 19.b5 Rhe8 20.Kf1 cxb5 21.cxb5+ Nc7 22.Bc1 Bd5
23.Kg2 Bxf3+ 24.Kxf3 Rd5 25.Bf4 Kd8 26.Bxc7+ Bxc7 27.Rc5 Rxc5 28.Nxc5 Bb6
29.Rd1+ Kc7 30.Rd7+ Kc8 31.Rd5 g6 32.e4 fxe4+ 33.Nxe4 Kc7 34.h4 Re7 35.a4 Ba5
36.h5 gxh5 37.Rxh5 Rf7+ 38.Ke2 Re7 39.Kd3 Rd7+ 40.Kc4 Be1 41.g4 Kb6 42.Rh6+ Ka5
43.Re6 Bb4 44.Nf6 Rc7+ 45.Kb3 Rc3+ 46.Kb2 Kxa4 47.b6 a5 48.Nxh7 Rh3 49.Nf6 Rh2+
50.Kc1 Kb3  0-1

[Event "HUN-chT2 9495"]
[Site "HUN"]
[Date "1995.??.??"]
[Round "?"]
[White "Zemerov, Vladimir"]
[Black "Fodre, Sandor"]
[Result "1-0"]
[WhiteElo "2430"]
[BlackElo "2265"]

1.c4 e5 2.g3 d6 3.Bg2 c6 4.d4 Nf6 5.Nc3 Be7 6.e4 Nbd7 7.d5 cxd5 8.cxd5 Nf8
9.Nge2 h5 10.h4 Ng6 11.f3 Qb6 12.Qd3 Bd7 13.Bh3 a6 14.Be3 Qa5 15.b4 Qd8 16.Bxd7+ Nxd7
17.Rc1 Rc8 18.Kf2 O-O 19.a3 Rc7 20.a4 a5 21.bxa5 Nc5 22.Qb1 Qd7 23.Nb5 Rcc8
24.Bxc5 Rxc5 25.Rxc5 dxc5 26.d6 Bd8 27.Kg2 Bxa5 28.Qb3 Kh7 29.Qd3 Bd8 30.Nec3 b6
31.Nd5 Kh8 32.Ne3 Re8 33.Nf5 Nf8 34.Qd5 f6 35.Rb1 Ne6 36.Ne3 Rg8 37.Kf2 g5
38.hxg5 Rxg5 39.Nf5 Ng7 40.Nxg7 Kxg7 41.Rh1 Kf8 42.g4 Kg7 43.gxh5 Kh6 44.Qd2 Kh7
45.Kf1 f5 46.Rg1 Rxh5 47.Qd5 Bg5 48.Qxe5 fxe4 49.Qxe4+ Kh6 50.f4 Qf7 51.f5 Qf6
52.Qe6 Kg7 53.Qxf6+ Kxf6 54.Nc7 Bh4 55.Nd5+ Ke5 56.Ne3 Kxd6 57.Rg6+ Kd7 58.Rxb6 Bg5  1-0

[Event "HUN-chT1"]
[Site "HUN"]
[Date "1995.??.??"]
[Round "?"]
[White "Mate, Laszlo"]
[Black "Bjerring, Kai"]
[Result "1/2-1/2"]
[WhiteElo "2345"]
[BlackElo "2370"]

1.c4 e5 2.g3 g6 3.Bg2 Bg7 4.Nc3 Ne7 5.e3 c5 6.Nge2 Nbc6 7.b3 O-O 8.Bb2 d6
9.d3 Rb8 10.O-O a6 11.Nd5 b5 12.Qd2 Bb7 13.Rac1 Nxd5 14.Bxd5 Nb4 15.Bxb7 Rxb7
16.a3 Nc6 17.e4 Na5 18.Qc2 Qb8 19.Bc3 Nc6 20.Rb1 Rc8 21.Bd2 h5 22.Be3 Nd4
23.Nxd4 cxd4 24.Bd2 Qc7 25.Rfc1 f5 26.f3 Qf7 27.Bg5 Bf8 28.Qe2 Rbc7 29.Kg2 Kh7
30.Qd2 Qd7 31.Qa5 Rc6 32.h3 Qb7 33.Qd2 Rb6 34.cxb5 Rxb5 35.b4 a5 36.Rxc8 Qxc8
37.Rc1 Qe6 38.Rc7+ Kg8 39.bxa5 Qb3 40.Rc2 Qa4 41.exf5 gxf5 42.Bd8 Bh6 43.Bg5 Bf8
44.Bd8 Bh6 45.Bg5  1/2-1/2

[Event "HUN-chT1 9596"]
[Site "HUN"]
[Date "1995.??.??"]
[Round "6"]
[White "Csom, Istvan"]
[Black "Gazik, Igor"]
[Result "0-1"]
[WhiteElo "2455"]
[BlackElo "2400"]

1.c4 e5 2.g3 g6 3.Bg2 Bg7 4.Nc3 d6 5.e4 Be6 6.d3 Qd7 7.h3 Nf6 8.Nge2 O-O
9.Nd5 c6 10.Nxf6+ Bxf6 11.Bh6 Bg7 12.Bxg7 Kxg7 13.Nc3 c5 14.h4 Nc6 15.Qd2 Nd4
16.O-O Rab8 17.f4 f6 18.Rf2 b5 19.cxb5 Nxb5 20.Raf1 Nd4 21.fxe5 fxe5 22.Kh2 Rxf2
23.Rxf2 Rf8 24.Rxf8 Kxf8 25.Kg1 Kg7 26.Qf2 Qb7 27.Qd2 Qf7 28.a3 Nf3+ 29.Bxf3 Qxf3
30.Kh2 Bg4 31.Nb5 Qf1 32.Nxd6 Be2 33.Nf5+ gxf5 34.Qg5+ Kf7 35.Qxf5+ Qxf5  0-1

[Event "IRL-ch"]
[Site "IRL"]
[Date "1995.??.??"]
[Round "7"]
[White "Kelly, Bryan"]
[Black "Ryan, Joseph"]
[Result "1-0"]
[WhiteElo "2210"]
[BlackElo "2230"]

1.c4 e5 2.g3 c6 3.d4 Bb4+ 4.Bd2 Bxd2+ 5.Qxd2 d6 6.Nc3 Qe7 7.Bg2 Nf6 8.e4 d5
9.cxd5 exd4 10.Qxd4 cxd5 11.Nxd5 Nxd5 12.Qxd5 O-O 13.Ne2 Rd8 14.Qb5 a6 15.Qb6 Nc6
16.O-O Rd2 17.Nc3 Bg4 18.Nd5 Qd7 19.Qe3 Rxb2 20.Nb6 Rxb6 21.Qxb6 Nd4 22.f3 Be6
23.Rfd1 Rd8 24.Kf2 h5 25.Rd2  1-0

[Event "Katrineholm"]
[Site "Katrineholm"]
[Date "1995.??.??"]
[Round "?"]
[White "Davies, Nigel R"]
[Black "Moberg, Karl Johan"]
[Result "1-0"]
[WhiteElo "2505"]
[BlackElo "2420"]

1.c4 e5 2.g3 Nf6 3.Bg2 c6 4.d4 Bb4+ 5.Bd2 Bxd2+ 6.Qxd2 e4 7.Nc3 d5 8.f3 exf3
9.Nxf3 O-O 10.O-O Be6 11.Ng5 Nbd7 12.cxd5 cxd5 13.e4 dxe4 14.d5 Nb6 15.Rxf6 gxf6
16.Ngxe4 Bxd5 17.Nxd5 Nxd5 18.Qxd5 Qxd5 19.Nxf6+ Kg7 20.Nxd5 Rfd8 21.Rd1 Rac8
22.Rd2 Rc1+ 23.Kf2 Rd6 24.Ke3 Rh6 25.Bf3 Rd6 26.a3 Re1+ 27.Kd4 Rf1 28.Bg2 Re1
29.a4 Ra1 30.b3 Rb1 31.Kc3 Rc6+ 32.Kb4 a5+ 33.Ka3 Rcc1 34.Be4 Rd1 35.Rxd1 Rxd1
36.Nb6 Rd4 37.Bf3 Rd2 38.Bxb7 Rxh2 39.b4 axb4+ 40.Kb3 Rh3 41.a5 Rxg3+ 42.Kxb4 Rg1
43.a6 Rb1+ 44.Ka5 Ra1+ 45.Na4 Re1 46.a7 Re8 47.Nb6 f5 48.Bc8 Re5+ 49.Kb4 Re4+
50.Nc4  1-0

[Event "Katrineholm"]
[Site "Katrineholm"]
[Date "1995.??.??"]
[Round "?"]
[White "Davies, Nigel R"]
[Black "Hartman, Christer"]
[Result "1/2-1/2"]
[WhiteElo "2530"]
[BlackElo "2350"]

1.c4 e5 2.g3 d6 3.Bg2 f5 4.d4 Nd7 5.Nc3 Ngf6 6.Nf3 Be7 7.O-O e4 8.Ng5 Nf8
9.f3 h6 10.Nh3 exf3 11.exf3 Ng6 12.d5 O-O 13.Be3 Nh5 14.f4 Nf6 15.Kh1 Ng4
16.Bd4 Bf6 17.Bxf6 Qxf6 18.Qd2 Bd7 19.Ng1 Rae8 20.Rae1 Qd8 21.Nf3 Rxe1 22.Rxe1 Re8
23.Nd4 Rxe1+ 24.Qxe1 Nf8 25.a4 a5 26.Ncb5 b6 27.b3 Bxb5 28.Nxb5 Nf6 29.Kg1 g6
30.Bf3 h5 31.Kf1 Kf7 32.h3 Ne8 33.Qe3 Qe7 34.Kf2 Qxe3+ 35.Kxe3 Nd7 36.Bd1 Ndf6
37.Kf3 Ke7 38.Bc2 Kd7 39.Nd4 Ng7 40.Bd3 Ke7 41.Nc2 Kd7 42.Nd4 Ke7 43.Nc6+ Kf7
44.Nd4  1/2-1/2

[Event "Kosice op"]
[Site "Kosice"]
[Date "1995.??.??"]
[Round "?"]
[White "Pankovic, J."]
[Black "Mudrochova, Helena"]
[Result "0-1"]
[WhiteElo "2105"]
[BlackElo "2090"]

1.g3 e5 2.c4 c6 3.d4 d5 4.dxe5 d4 5.Nf3 Bg4 6.Bg2 Bxf3 7.exf3 Qa5+ 8.Nd2 Qxe5+
9.Qe2 Qxe2+ 10.Kxe2 Nd7 11.a3 g6 12.Rb1 Bg7 13.Rd1 Nh6 14.b4 O-O 15.g4 f5
16.g5 Nf7 17.f4 Nb6 18.Rb3 Na4 19.Nb1 Nd6 20.Kd3 Rfe8 21.Nd2 Nc3 22.Rf1 Ne2
23.Nf3 Ne4 24.Kxe2 Nc5+ 25.Ne5 Nxb3 26.Bb2 Bxe5 27.fxe5 Rxe5+ 28.Kd3 a5 29.b5 cxb5
30.Bd5+ Kf8 31.Bxd4 bxc4+ 32.Bxc4 Nxd4 33.Kxd4 Re4+  0-1

[Event "Kurgan"]
[Site "Kurgan"]
[Date "1995.??.??"]
[Round "4"]
[White "Chuprov, A."]
[Black "Pugachov, Alexey"]
[Result "1-0"]
[WhiteElo "2420"]
[BlackElo "2475"]

1.c4 e5 2.g3 Nf6 3.Bg2 c6 4.d3 d5 5.cxd5 cxd5 6.Bg5 Bc5 7.Nf3 Nc6 8.O-O Bb6
9.Nc3 Be6 10.b4 O-O 11.b5 Nd4 12.Rc1 Nxf3+ 13.Bxf3 Qd7 14.Bxf6 gxf6 15.Qa4 f5
16.Qh4 f6 17.Na4 e4 18.dxe4 fxe4 19.Nxb6 axb6 20.Bh5 Kg7 21.Qf4 Rac8 22.g4 Rc5
23.f3 exf3 24.Rxc5 bxc5 25.Rxf3 Qe7 26.g5 h6 27.gxf6+ Rxf6 28.Qe5 Qd8 29.b6 Bc8
30.Rxf6 Qxf6 31.Qc7+  1-0

[Event "Las Palmas op"]
[Site "Las Palmas"]
[Date "1995.??.??"]
[Round "4"]
[White "Suba, Mihai"]
[Black "Cramling, Pia"]
[Result "1/2-1/2"]
[WhiteElo "2485"]
[BlackElo "2510"]

1.c4 e5 2.g3 d6 3.d4 Nd7 4.Nc3 g6 5.Nf3 Bg7 6.Bg2 Ngf6 7.O-O O-O 8.h3 a6
9.Re1 Rb8 10.e4 b5 11.dxe5 Nxe5 12.Nxe5 dxe5 13.cxb5 axb5 14.Be3 Be6 15.b3 Qc8
16.Kh2 Rd8 17.Qe2 Qb7 18.Rac1 c6 19.Rc2 Bf8 20.Bg5 Be7 21.Qe3 Qb6 22.Qc1 Rd3
23.Nd1 Qa5 24.Rf1 Rbd8 25.Bh6 c5 26.Ne3 Qb4 27.Nf5 Bxf5 28.exf5 e4 29.Re1 R3d5
30.fxg6 hxg6 31.Rce2 Rd4 32.Be3 R4d5 33.Qc2 c4 34.bxc4 Qxc4 35.Qxc4 bxc4
36.Rc1 Rc8 37.Rec2 Ra5 38.Rxc4 Rxc4 39.Rxc4 Rxa2 40.Bd4 Rd2 41.Ra4 Kh7 42.Be3 Rd7
43.Bd4 Bd8 44.g4 Nd5 45.Bxe4 Nb6 46.Rb4 Be7 47.Rxb6 Rxd4 48.f3 Bd6+ 49.Kg2 Rd2+
50.Kf1 Bg3 51.Rb5 Kg7 52.Bd5 Bh4 53.Kg1 Bf2+ 54.Kh1 Rd1+ 55.Kg2 Rd2 56.Bb3 Bh4+
57.Kg1 Rf2 58.Bd5 Rd2 59.Bc4 Rd1+ 60.Bf1 Rd2 61.Rb7 Rd4 62.Rb2 Bg5 63.Rb3 Rd2
64.Bc4 Rc2 65.Bd3 Rd2 66.Kf1 Rh2 67.Rb7 Bh4 68.Kg1 Rf2 69.Be4 Re2 70.Bd5 Re1+
71.Kg2  1/2-1/2

[Event "Linares op"]
[Site "Linares"]
[Date "1995.??.??"]
[Round "?"]
[White "Suba, Mihai"]
[Black "Hjartarson, Johann"]
[Result "0-1"]
[WhiteElo "2475"]
[BlackElo "2590"]

1.c4 e5 2.g3 d6 3.Nc3 g6 4.d4 Nd7 5.Nf3 Bg7 6.Bg2 exd4 7.Nxd4 Ngf6 8.O-O O-O
9.b3 Re8 10.Bb2 c6 11.Qc2 Nc5 12.Rad1 Qe7 13.e4 a6 14.Rfe1 Qc7 15.h3 Bd7
16.Bc1 Qc8 17.Bf4 Bxh3 18.Bxd6 Bxg2 19.Kxg2 Ne6 20.Nf3 Nh5 21.Ne2 c5 22.Rh1 Qc6
23.Rxh5 gxh5 24.Rd5 Rad8 25.e5 f6 26.Qd2 fxe5 27.Bxe5 Rf8 28.Bxg7 Nxg7 29.Nf4 Rxd5
30.Nxd5 Kh8 31.Qe3 b5 32.Ng5 bxc4 33.bxc4 h4 34.Qe7 Re8 35.Qf7 hxg3 36.Qf4 Nh5
37.Qf3 Qg6 38.Nf7+ Kg7 39.Nd6 gxf2+ 40.Kxf2 Rf8  0-1

[Event "Lippstadt"]
[Site "Lippstadt"]
[Date "1995.??.??"]
[Round "7"]
[White "Hoffmann, Michael"]
[Black "Wehmeier, Stefan"]
[Result "1-0"]
[WhiteElo "2485"]
[BlackElo "2410"]

1.c4 e5 2.g3 Nc6 3.Bg2 g6 4.Nc3 Bg7 5.e3 d6 6.Nge2 h5 7.d4 h4 8.d5 Nce7 9.e4 f5
10.Bg5 Bf6 11.gxh4 f4 12.Ng1 Kf7 13.Qd3 Bd7 14.Bh3 Bxg5 15.Bxd7 Bxh4 16.Be6+ Kg7
17.Nf3 Bf6 18.Ke2 g5 19.b4 a5 20.a3 b6 21.h3 Ng6 22.c5 axb4 23.axb4 Rxa1
24.Rxa1 bxc5 25.bxc5 Nf8 26.Ra7 dxc5 27.Bg4 Kh6 28.Qa6 Rh7 29.Ra8 Qe7 30.d6 cxd6
31.Nd5 Qf7 32.Qxd6 Kg7 33.Nxe5 Bxe5 34.Qxe5+ Kh6 35.Qd6+ Ng6 36.Be6 Qb7 37.Rb8 Qa7
38.Bxg8 Qa2+ 39.Kf3 Qa3+ 40.Kg2 Ra7 41.Rb6 Rg7 42.Nxf4 Qa4 43.Qxg6+  1-0

[Event "Litomysl op"]
[Site "Litomysl"]
[Date "1995.??.??"]
[Round "4"]
[White "Petrienko, Vladimir"]
[Black "Berezjuk, Sergej"]
[Result "0-1"]
[WhiteElo "2460"]
[BlackElo "2385"]

1.c4 e5 2.g3 Nf6 3.Bg2 d5 4.cxd5 Nxd5 5.Nc3 Nb6 6.Nf3 Nc6 7.d3 Be7 8.O-O O-O
9.a4 a5 10.Be3 f5 11.Qb3+ Kh8 12.Nb5 f4 13.Bd2 Bg4 14.Bc3 Bf6 15.Rfe1 Qd7
16.Nd2 Be6 17.Qc2 Qf7 18.Rf1 Bd5 19.Bxd5 Nxd5 20.Qb3 Be7 21.Qc4 Rad8 22.Qe4 Bc5
23.Qg2 fxg3 24.hxg3 Qh5 25.Ne4 Bb6 26.Rae1 Rd7 27.Bd2 h6 28.Qh2 Qg6 29.Qh3 Rdf7
30.Kg2 Ncb4 31.Nbc3 c6 32.Qh4 Nc2 33.Rc1 Nd4 34.Rce1 Nb3 35.Bc1 Nxc1 36.Rxc1 Nf4+
37.Kg1 Rf5 38.Qe7 Nh3+ 39.Kg2 Nxf2 40.Qxb7 Be3 41.Rb1 Qg4  0-1

[Event "Ljubljana op"]
[Site "Ljubljana"]
[Date "1995.??.??"]
[Round "9"]
[White "Sher, Miron N"]
[Black "Mencinger, Vojko"]
[Result "1-0"]
[WhiteElo "2510"]
[BlackElo "2390"]

1.c4 e5 2.g3 Nc6 3.Bg2 g6 4.Nc3 Bg7 5.Rb1 a5 6.a3 d6 7.b4 axb4 8.axb4 f5
9.b5 Nce7 10.d3 Nf6 11.Nf3 O-O 12.O-O Kh8 13.Bb2 h6 14.Ra1 Be6 15.Qc2 Qd7
16.Ra4 Rxa4 17.Qxa4 f4 18.Qa7 fxg3 19.hxg3 b6 20.Qb7 Nf5 21.Ra1 Ng4 22.Ra8 Rxa8
23.Qxa8+ Kh7 24.Ne4 Nd4 25.Nxd4 exd4 26.Nd2 Qf7 27.Qf3 Bf5 28.Nb3 Ne5 29.Qf4 Bf6
30.Qd2 Ng4 31.Bxd4 Bxd4 32.Nxd4 Be6 33.Qf4 Nf6 34.Nc2 Kg7 35.Ne3 Qe7 36.Qd4 Kh7
37.Bf3 Qg7 38.Kg2 Qe7 39.Nd1 Nd7 40.Bg4 Ne5 41.Bxe6 Qxe6 42.Ne3 h5 43.Nd5 Ng4
44.Qe4 Qf7 45.Qf4 Qg7 46.d4 g5 47.Qf5+  1-0

[Event "Lyon op"]
[Site "Lyon"]
[Date "1995.??.??"]
[Round "6"]
[White "Foisor, Cristina Adela B"]
[Black "Vincent, Patrick"]
[Result "1-0"]
[WhiteElo "2375"]
[BlackElo "2150"]

1.c4 e5 2.g3 Nf6 3.Bg2 d5 4.cxd5 Nxd5 5.Nc3 Nb6 6.Nf3 Nc6 7.a3 Be7 8.b4 Be6
9.d3 a6 10.O-O g5 11.Bb2 g4 12.Nd2 h5 13.Nb3 h4 14.Na5 Nxa5 15.bxa5 Nd7 16.d4 hxg3
17.hxg3 exd4 18.Qxd4 Bf6 19.Qa4 Rh5 20.Rab1 c6 21.Ne4 Bxb2 22.Rxb2 Qxa5 23.Qd4 Qe5
24.Qxe5 Rxe5 25.Rxb7 Bd5 26.Rd1 Rd8 27.Nd6+ Ke7 28.e4 Kxd6 29.exd5 cxd5 30.Ra7 Rb8
31.Rxa6+ Rb6 32.Ra7 Rb5 33.a4 Rc5 34.a5 f5 35.Ra8 Re2 36.Ra6+ Ke5 37.Ra7 Nf8
38.Re7+ Ne6 39.a6 Kd6 40.Rf7 f4 41.gxf4 Ra2 42.f5 Nf4 43.Bf1 Rc8 44.Rg7 Ke5
45.Re1+ Kf6 46.Rxg4 Kxf5 47.Rg7 Kf6 48.Rg3 Rc7 49.Rb1 Rc6 50.Rf3 Kg5 51.Re1 Rg6
52.Rg3+ Kf6 53.Rxg6+ Kxg6 54.Re7 d4 55.Re4 Kf5 56.Rxd4 Ra1 57.Rd8 Ne2+ 58.Kh2 Rxf1
59.Rf8+ Kg4 60.a7  1-0

[Event "CRO-chT"]
[Site "Makarska Tucepi"]
[Date "1995.??.??"]
[Round "?"]
[White "Nikolac, Juraj"]
[Black "Gazarek, Danko"]
[Result "1-0"]
[WhiteElo "2460"]
[BlackElo "2330"]

1.c4 e5 2.g3 Nc6 3.Bg2 g6 4.Nc3 Bg7 5.e3 d6 6.Nge2 h5 7.d4 exd4 8.exd4 Bg4
9.h3 Bxe2 10.Nxe2 Nh6 11.O-O O-O 12.Bd2 Nf5 13.Bc3 a5 14.Qd2 Qd7 15.Rfe1 a4
16.b4 axb3 17.axb3 Rxa1 18.Bxa1 Re8 19.Kf1 Qe7 20.Rb1 Bh6 21.Qd1 Bg7 22.Qd3 Nb4
23.Qd2 Bh6 24.Nf4 Nc6 25.Bc3 Bxf4 26.gxf4 Nd8 27.d5 f6 28.Qd3 Qf7 29.Be4 Ne7
30.Re1 f5 31.Qd4 Kh7 32.Bf3 Rg8 33.c5 Nc8 34.b4 Na7 35.Be2 Nc8 36.Bb5  1-0

[Event "CRO-chT"]
[Site "Makarska Tucepi"]
[Date "1995.??.??"]
[Round "?"]
[White "Nikolac, Juraj"]
[Black "Feletar, Darko"]
[Result "1-0"]
[WhiteElo "2460"]
[BlackElo "2330"]

1.c4 e5 2.g3 Nf6 3.Bg2 c6 4.Nf3 e4 5.Nd4 d5 6.cxd5 Qxd5 7.Nc2 Qh5 8.Ne3 Bh3
9.Qb3 b6 10.d4 exd3 11.Qxd3 Bxg2 12.Nxg2 Bb4+ 13.Bd2 Bxd2+ 14.Nxd2 O-O 15.O-O Nbd7
16.Nf4 Qh6 17.Nf3 Rfe8 18.Rad1 c5 19.Qb5 Ne5 20.Nxe5 Rxe5 21.Rd6 Qg5 22.Rfd1 Ree8
23.Qd3 Qe5 24.b3 h6 25.f3 Rac8 26.e4 Qb2 27.Rd2 Qc1+ 28.Kg2 c4 29.bxc4 Rxc4
30.Ne2  1-0

[Event "Manresa op"]
[Site "Manresa"]
[Date "1995.??.??"]
[Round "7"]
[White "Marin, Mihail"]
[Black "Gual Pascual, Antonio"]
[Result "1-0"]
[WhiteElo "2520"]
[BlackElo "2350"]

1.c4 e5 2.g3 Nc6 3.Nc3 g6 4.Bg2 Bg7 5.e3 d6 6.Nge2 h5 7.h3 h4 8.g4 f5 9.gxf5 Bxf5
10.d4 exd4 11.exd4 Qd7 12.Be3 Nf6 13.Qb3 Rb8 14.O-O-O a6 15.c5 b5 16.Bxc6 Qxc6
17.d5 Qd7 18.c6 Qc8 19.Nf4 Kf7 20.Rhg1 Bh6 21.Nce2 Re8 22.Nd4 Bxf4 23.Bxf4 Ne4
24.Qf3 b4 25.Rde1 b3 26.a3 a5 27.Re3 a4 28.Rge1 Qa6 29.Rxe4 Qc4+ 30.Kd2 Rxe4
31.Rxe4 Re8 32.Nxf5 Qxe4 33.Nh6+ Kg7 34.Qxe4 Rxe4 35.Be3 Rc4 36.Kd3 Rc2 37.Ng4 Kf8
38.Bd4 Rc1 39.f3 Kf7 40.f4 Rd1+ 41.Ke3 Rg1 42.Ke2 Rc1 43.Nf2 Ke7 44.Ne4 Rc2+
45.Kf3 Kd8 46.Ng5 Kc8 47.Ne6 Rh2 48.Kg4 Rg2+ 49.Kxh4 Kb8 50.Bf6 Kc8 51.Bd4 Kb8
52.f5 gxf5 53.Nf4 Rg8 54.Kh5 Rg3 55.Kh4 Rg8 56.Bf6 Rg1 57.Kh5 Rg3 58.h4 Rg1
59.Ne6 Kc8 60.Kh6 Rg4 61.h5 f4 62.Nxf4 Rxf4 63.Kg6 Rf2 64.h6 Rg2+ 65.Bg5  1-0

[Event "Moscow-ch op"]
[Site "Moscow"]
[Date "1995.??.??"]
[Round "2"]
[White "Dragomarezkij, Evgeni"]
[Black "Vorobiov, Evgeny E"]
[Result "1/2-1/2"]
[WhiteElo "2475"]
[BlackElo "2325"]

1.c4 e5 2.g3 Nc6 3.Bg2 g6 4.Nc3 Bg7 5.d3 d6 6.Rb1 f5 7.b4 Nf6 8.e3 O-O 9.Nge2 Ne7
10.O-O c6 11.b5 h6 12.bxc6 bxc6 13.Qa4 Qc7 14.Bd2 Be6 15.Rb3 Nd7 16.Ra3 Rfb8
17.Qc2 Rb7 18.Rb1 Rab8 19.Rxb7 Rxb7 20.Na4 Qb8 21.Nc1 d5 22.Rb3 dxc4 23.dxc4 Rxb3
24.Qxb3 Qd6 25.Bc3 c5 26.Nb2 e4 27.Bxg7 Kxg7 28.Qc3+ Qe5 29.Qd2 Nb6 30.Bf1 Nc6
31.Nb3 g5  1/2-1/2

[Event "Moscow op2"]
[Site "Moscow"]
[Date "1995.??.??"]
[Round "2"]
[White "Vaulin, Alexander"]
[Black "Vlassov, Nikolai"]
[Result "0-1"]
[WhiteElo "2490"]
[BlackElo "2445"]

1.g3 e5 2.c4 Nc6 3.Bg2 Bc5 4.Nc3 a5 5.e3 d6 6.Nge2 Bg4 7.h3 Bh5 8.d4 Bb4
9.O-O Bxc3 10.bxc3 Nge7 11.g4 Bg6 12.f4 f5 13.e4 fxg4 14.fxe5 dxe5 15.d5 Nb8
16.Ng3 Qd6 17.Be3 Nd7 18.Qxg4 Nf6 19.Qe2 Qa6 20.Bc5 Nc8 21.Nf5 Kf7 22.Rab1 Re8
23.Qf2 Bxf5 24.Qxf5 Kg8 25.Qg5 Qxc4 26.Be3 Nxe4 27.Bxe4 Qxe4 28.Rxb7 Ra6  0-1

[Event "Moscow op2"]
[Site "Moscow"]
[Date "1995.??.??"]
[Round "4"]
[White "Vaulin, Alexander"]
[Black "Vorobiov, Evgeny E"]
[Result "1/2-1/2"]
[WhiteElo "2490"]
[BlackElo "2325"]

1.c4 e5 2.g3 Nc6 3.Bg2 g6 4.Nc3 Bg7 5.Rb1 d6 6.b4 Nf6 7.d3 O-O 8.e3 Ne7 9.Nge2 c6
10.b5 Bg4 11.h3 Be6 12.O-O Qd7 13.bxc6 bxc6 14.Kh2 Rab8 15.Ba3 c5 16.Qd2 h5
17.f4 exf4 18.Nxf4 Nf5 19.Nce2 Qa4  1/2-1/2

[Event "Moscow-ch op"]
[Site "Moscow"]
[Date "1995.??.??"]
[Round "8"]
[White "Arbakov, Valentin"]
[Black "Kalinin, Alexander"]
[Result "1/2-1/2"]
[WhiteElo "2455"]
[BlackElo "2365"]

1.c4 e5 2.g3 Nf6 3.Bg2 d5 4.cxd5 Nxd5 5.Nc3 Nb6 6.d3 Be7 7.Nf3 Nc6 8.O-O O-O
9.Be3 Kh8 10.Rc1 f6 11.Ne4 Nd4 12.Nc5 Nxf3+ 13.Bxf3 Nd5 14.Bd2 c6 15.a3 b6
16.Na4 c5 17.Qb3 Be6 18.Nc3 Nc7 19.Qa4 Bd7 20.Qc2 Rc8 21.Bb7 Rb8 22.Bg2 Nb5
23.Nxb5 Bxb5 24.b4 Qd7 25.Qa2 Rbd8 26.Rc2 Ba4 27.Rcc1 Bb5 28.Rc2 Ba4 29.Rb2 Bc6
30.Bxc6 Qxc6 31.Be3 e4 32.dxe4 Qxe4 33.bxc5 Bxc5 34.Bxc5 bxc5 35.Rc2 Rfe8
36.e3 Re5 37.Qc4 Qb7  1/2-1/2

[Event "Moscow-ch op"]
[Site "Moscow"]
[Date "1995.??.??"]
[Round "8"]
[White "Chudinovskih, Alexander"]
[Black "Kunin, Vitaly L"]
[Result "1-0"]
[WhiteElo "2305"]
[BlackElo "2040"]

1.c4 e5 2.g3 Nf6 3.Bg2 d5 4.cxd5 Nxd5 5.Nc3 Be6 6.Nf3 Nc6 7.O-O Be7 8.d4 Nxc3
9.bxc3 e4 10.Nd2 f5 11.e3 Qd7 12.c4 Bf6 13.Rb1 Na5 14.d5 Bf7 15.Bh3 O-O-O
16.Nxe4 Nxc4 17.Nxf6 gxf6 18.Qd4 Bxd5 19.Qxa7 Qe6 20.f3 Nd6 21.e4 Bc6 22.Ba3 Qxa2
23.Rb2 Qc4 24.Bxd6 cxd6 25.Bxf5+ Kc7 26.Qb6+ Kb8 27.Kg2 d5 28.Ra1 dxe4 29.Rba2 exf3+
30.Kh3 Qxa2 31.Rxa2 Rd5 32.Bg4 Rd3 33.Rc2 Bd5 34.Qd6+ Ka8 35.Ra2+ Bxa2 36.Qxd3 f2
37.Kg2 h5 38.Bf3 Kb8 39.Kxf2 h4 40.Qd6+ Ka7 41.Qa3+  1-0

[Event "New Castle schev"]
[Site "New Castle on Tyne"]
[Date "1995.??.??"]
[Round "9"]
[White "Storey, Charles"]
[Black "Bryson, Douglas M"]
[Result "1-0"]
[WhiteElo "2125"]
[BlackElo "2380"]

1.g3 e5 2.c4 Nc6 3.Bg2 f5 4.Nc3 Nf6 5.e3 Be7 6.d4 e4 7.f3 exf3 8.Nxf3 d6
9.Nd5 O-O 10.O-O Nxd5 11.cxd5 Nb8 12.Bd2 Nd7 13.Rc1 Nf6 14.Ng5 Ne8 15.Ne6 Bxe6
16.dxe6 Rb8 17.g4 fxg4 18.Qxg4 Nf6 19.Qh3 d5 20.Rf4 c6 21.Kh1 Qe8 22.Bf3 Bd6
23.Rh4 Rc8 24.e4 dxe4 25.Bd1 Qg6 26.Bb3 Nd5 27.e7 Bxe7 28.Bxd5+ cxd5 29.Rxc8 Bxh4
30.Rxf8+ Kxf8 31.Qxh4 Qc6 32.Bb4+ Kf7 33.Qe7+ Kg6 34.Qd6+ Kg5 35.Qe5+ Kg6
36.Bc5 h6 37.Qd6+ Kf5 38.Qxc6 bxc6 39.Kg2 Kf4 40.Bxa7  1-0

[Event "JUG-ch sf"]
[Site "Nis"]
[Date "1995.??.??"]
[Round "?"]
[White "Barlov, Dragan"]
[Black "Marinkovic, Ivan"]
[Result "1-0"]
[WhiteElo "2485"]
[BlackElo "2450"]

1.g3 e5 2.c4 Nf6 3.Bg2 d5 4.cxd5 Nxd5 5.Nc3 Ne7 6.Nf3 Nbc6 7.O-O g6 8.e3 Qd3
9.Qa4 Bg7 10.b4 O-O 11.b5 Nd8 12.Ba3 Re8 13.Ng5 h6 14.Nge4 Kh8 15.Nc5 Qf5
16.b6 Nec6 17.bxc7 Ne6 18.N5e4 Nxc7 19.Nd6 Qd7 20.Nxe8 Nxe8 21.Ne4 Qc7 22.Rfc1 Rb8
23.Nc5 b5 24.Qe4 b4 25.Qxc6  1-0